Estatísticas para Os 15 principais países afetados pela Covid-19 - 14 julho 2021

Clique aqui para jogar o quiz

Estatísticas Gerais

  • Esse quiz foi jogado 14 vezes
  • A pontuação média é 14 de 28

Estatísticas das Respostas

país% Correto
Brasil
100%
Estados Unidos
100%
Índia
100%
França
91%
Itália
91%
Reino Unido
91%
Rússia
91%
Colômbia
82%
Alemanha
73%
Argentina
73%
Espanha
73%
Portugal
73%
Irão
55%
Polônia
55%
Turquia
55%
Bélgica
45%
Países Baixos
45%
Indonésia
36%
Israel
27%
Suécia
27%
Chéquia
9%
Eslovénia
9%
Geórgia
9%
Panamá
9%
Uruguai
9%
Bahrein
0%
Estônia
0%
Lituânia
0%

Distribuição das Pontuações

Percentil de Números Respondidos

Porcentagem de Pessoas com Cada Pontuação

Sua Pontuação Histórica

Você não jogou esse quiz